Statistics for All NBA Teams

Click here to take the quiz!

General Stats

  • This quiz has been taken 7 times
  • The average score is 25 of 30

Answer Stats

Answer% Correct
Clippers
100%
Heat
100%
Kings
100%
Lakers
100%
Suns
100%
Bucks
83%
Bulls
83%
Cavaliers
83%
Celtics
83%
Hawks
83%
Hornets
83%
Jazz
83%
Knicks
83%
Magic
83%
Nets
83%
Nuggets
83%
Pacers
83%
Pelicans
83%
Rockets
83%
Spurs
83%
Thunder
83%
Timberwolves
83%
Trailblazers
83%
Warriors
83%
76ers
67%
Mavericks
67%
Pistons
67%
Wizards
67%
Grizzles
50%
Raptors
50%

Score Distribution

Percentile by Number Answered

Percent of People with Each Score

Your Score History

You have not taken this quiz